| 000 | 00872nam a22002897a 4500 | ||
|---|---|---|---|
| 003 | CHAP | ||
| 005 | 20220329134635.0 | ||
| 008 | 971013s1941 r 00010 d | ||
| 010 | _a23464 | ||
| 011 | _a24436 | ||
| 035 | _a28535 | ||
| 040 | _cCHAP | ||
| 082 |
_a574.82 _bB7 |
||
| 100 | 0 | 0 |
_aBrauer, Alfred. _915092 |
| 245 | _aLaboratory directions for histological technique | ||
| 260 |
_aMinneapolis : _bBurgess, _c1941 |
||
| 300 | _a44 p. | ||
| 590 |
_aBATCH-UPD _b10 _c20130110 _lUCH01 _h0226 |
||
| 590 |
_aBATCH-UPD _b10 _c20130110 _lUCH01 _h2116 |
||
| 590 |
_aBATCH-UPD _b10 _c20130410 _lUCH01 _h1426 |
||
| 590 |
_aBATCH-UPD _b10 _c20130914 _lUCH01 _h0747 |
||
| 590 |
_aCONVERSION _b10 _c20130109 _lUCH01 _h1314 |
||
| 650 | 1 | 4 |
_aHistologĂa _xManuales de laboratorio. _955593 |
| 901 | _aBK | ||
| 942 | _cLIBRO | ||
| 949 |
_a574.82 B7 _bBC _cBPA _d-65784 _eBPA _h8209 _i28535 _si |
||
| 999 |
_c23464 _d23464 |
||